000 01269nam a2200325 4500
003 EG-GICUC
005 20260121101651.0
008 260106s1978 ua ||||fr|||| 000 0 ara d
040 _a EG-GICUC
_bara
_c EG-GICUC
_d EG-GICUC
_erda
041 0 _aara
082 0 4 _221
_a345.4551
_bص ل . ن
092 0 4 _221
099 _aLaw1 07 345.4551 ص ل . ن 1978
100 0 _aصلاح العطيفي
_eمؤلف.
245 1 0 _aنظام التأديب للعاملين بالقطاع العام فقها وقضاء /
_cدكتور صلاح العطيفي.
264 1 _aالقاهرة :
_bمطبعة السلام الحديثة,
_c[1978?].
300 _a291 صفحة ؛
_c24 سم.
_bإيضاحيات، صور، مثيليات ؛
336 _2rda content
_atext
337 _2rda media
_aComputer
338 _2rda carrier
_aOnline Resource
546 _aالنص باللغة العربية
650 1 4 _aتاديب العاملين بالقطاع العام
_2qrmak
650 1 4 _aالمركزية الإدارية
_2qrmak
650 1 4 _aالنيابة الإدارية
_2qrmak
650 1 4 _aالرقابة الإدارية
_2qrmak
651 1 _2qrmak
856 4 0 _uhttps://fll.law.cu.edu.eg/fulltext/bks/B07-01665.pdf
905 _a79
942 _2ddc
_n0
_cBK
_e21
999 _c54792
_d54792